|
|
|
|
| LEADER |
00000nab a2200000 a 4500 |
| 001 |
vtls010468831 |
| 003 |
SK-MaSNL |
| 005 |
20260318132854.0 |
| 008 |
121113c20121103xo d 000 0|hun |
| 015 |
|
|
|a SNBRB2012/11
|
| 038 |
|
|
|a DSZK
|
| 040 |
|
|
|a DSZK
|b slo
|c DSZK
|e AACR2
|
| 041 |
0 |
|
|a hun
|
| 044 |
|
|
|a xo
|c SK
|
| 080 |
|
|
|a 796.81/.82
|x (437.615)
|2 2001
|
| 245 |
0 |
0 |
|a Ezúttal nem volt madari bajnok a mezőnyben
|b kötöttfogásban remekeltek a nemrég elhunyt Fodor László somorjai tanítványai
|c [szerző] (ái)
|
| 300 |
|
|
|b Fotogr.
|
| 610 |
2 |
7 |
|a Zápasnícky klub Gladiátor (Šamorín, Slovensko)
|2 dszk
|9 1194105
|
| 610 |
2 |
7 |
|a Zápasnícky a športový klub (Gabčíkovo, Slovensko)
|2 dszk
|9 1192842
|
| 611 |
2 |
7 |
|a Majstrovstvá Slovenska mladších žiakov v gréckorímskom štýle zápasenia
|d (2012 :
|c Modrany, Slovensko)
|2 dszk
|9 1195202
|
| 648 |
|
7 |
|a 2012
|2 dszk
|9 326619
|
| 650 |
0 |
7 |
|a zápasenie
|2 SNKPH
|9 13273
|
| 651 |
|
7 |
|a Šamorín (Slovensko)
|2 SNKPHgeo
|9 28925
|
| 651 |
|
7 |
|a Gabčíkovo (Slovensko)
|2 SNKPHgeo
|9 23512
|
| 651 |
|
7 |
|a Modrany (Slovensko)
|2 SNKPHgeo
|9 18327
|
| 773 |
0 |
|
|t Új szó
|g Évf. 65, sz. 254 (3.11.2012), o. 27
|x 1335-7050
|
| 852 |
|
|
|a DSZK
|b KIS3GCP
|
| 958 |
|
|
|a HU
|
| 958 |
|
|
|a SK
|
| 999 |
|
|
|c 2079939
|d 2081869
|